| 000 | 00827cam a22002294a 4500 | ||
|---|---|---|---|
| 005 | 20250605164318.0 | ||
| 008 | 250528s ||||||||||||||||||||||||d | ||
| 035 | _a22780 | ||
| 020 | _a9780471473763 | ||
| 040 |
_aGR-AtMCL _bgre _dGR-AtMCL _eAACR2 |
||
| 245 | 1 | _aINTERIOR DESIGN | |
| 250 | _a2 | ||
| 260 |
_bWiley, _c2005 |
||
| 300 | _a344 | ||
| 505 | 0 | _aINTERIOR SPACE INTERIOR DESIGN A DESIGN VOCABULARY INTERIOR BUILDING ELEMENTS INTERIOR ENVIRONMENTAL SYSTEMS LIGHTING AND ACOUSTICS FINISH MATERIALS FURNISHINGS | |
| 520 | _aINTERIOR SPACE INTERIOR DESIGN A DESIGN VOCABULARY INTERIOR BUILDING ELEMENTS INTERIOR ENVIRONMENTAL SYSTEMS LIGHTING AND ACOUSTICS FINISH MATERIALS FURNISHINGS | ||
| 700 | 1 |
_aBinggeli Corky _98470 |
|
| 700 | 1 |
_aChing Francis D.K _95806 |
|
| 942 | _cBK | ||
| 999 |
_c7825 _d7825 |
||